[Event "Wch Seniors 12th"]
[Site "Naumburg"]
[Date "2002.11.02"]
[Round "11"]
[White "Kovacs, Les"]
[Black "Assmann, Siegfried"]
[Result "0-1"]
[WhiteElo "1600"]
[BlackElo "2024"]
[PlyCount "112"]
[EventDate "2002.10.21"]
[EventType "swiss"]
[EventRounds "11"]
[EventCountry "GER"]
[SourceTitle "EXT 2006"]
[Source "ChessBase"]
[SourceDate "2005.11.24"]
[SourceVersion "1"]
[SourceVersionDate "2005.11.24"]
[SourceQuality "1"]

1. Nf3 c5 2. c4 g6 3. g3 Bg7 4. Bg2 Nf6 5. Nc3 0-0 6. 0-0 Nc6 7. d3 h6 8. Rb1 d6 9. Bd2 Bd7 10. Qc1 Kh7 11. a3 Rb8 12. Nd5 e5 13. Nxf6+ Qxf6 14. e3 Bg4 15. Ne1 Be2 16. Bc3 Qe7 17. Qd2 Bxf1 18. Kxf1 Nd8 19. b4 b6 20. Qb2 Ne6 21. Kg1 Nc7 22. bxc5 dxc5 23. f4 f6 24. fxe5 fxe5 25. Nf3 Rbe8 26. Re1 Qd6 27. Rd1 Re7 28. Rd2 Qe6 29. Nh4 Qd6 30. Be4 Re6 31. Ng2 Qe7 32. Nh4 Ne8 33. Kg2 Qg5 34. Re2 Nd6 35. Nf3 Qf6 36. Bd5 Re7 37. Rf2 g5 38. Nxe5 Qxf2+ 39. Qxf2 Rxf2+ 40. Kxf2 Bxe5 41. Bd2 a5 42. Kf3 Kg7 43. Kg4 Ne8 44. Kh3 Nf6 45. Bf3 Rd7 46. Be2 Bb2 47. a4 Kg6 48. Be1 h5 49. Bf2 g4+ 50. Kg2 Re7 51. Kf1 Bc1 52. e4 Bb2 53. Be3 Be5 54. Kg2 Nd7 55. Kf1 Rf7+ 56. Ke1 Nb8 0-1

[Event "Wch Seniors 12th"]
[Site "Naumburg"]
[Date "2002.11.01"]
[Round "10"]
[White "Franz, Siegfried"]
[Black "Kovacs, Les"]
[Result "0-1"]
[WhiteElo "1794"]
[BlackElo "1600"]
[PlyCount "78"]
[EventDate "2002.10.21"]
[EventType "swiss"]
[EventRounds "11"]
[EventCountry "GER"]
[SourceTitle "EXT 2006"]
[Source "ChessBase"]
[SourceDate "2005.11.24"]
[SourceVersion "1"]
[SourceVersionDate "2005.11.24"]
[SourceQuality "1"]

1. e4 d5 2. exd5 Nf6 3. c4 c6 4. dxc6 Nxc6 5. Nf3 e5 6. Nc3 Bc5 7. Be2 0-0 8. 0-0 a6 9. d3 h6 10. b3 Bf5 11. Bb2 Nb4 12. Na4 Bd4 13. Nxd4 exd4 14. Ba3 a5 15. Qd2 Re8 16. Bxb4 axb4 17. Bf3 Ra7 18. Rfe1 b6 19. Rxe8+ Nxe8 20. Re1 Nf6 21. h3 Qd6 22. g4 Bd7 23. g5 hxg5 24. Bd1 Bxh3 25. Qxg5 Re7 26. Rxe7 Qxe7 27. Qg3 Bf5 28. Kf1 Qe6 29. Kg2 g6 30. Qb8+ Kg7 31. Qxb6 Qe1 32. Bf3 Bxd3 33. Qxd4 Qf1+ 34. Kh2 Bf5 35. Bg2 Qe2 36. Nb2 Qc2 37. c5 Qc3 38. Qc4 Qxb2 39. Qxb4 Qxf2 0-1

[Event "Wch Seniors 12th"]
[Site "Naumburg"]
[Date "2002.10.24"]
[Round "4"]
[White "Kovacs, Les"]
[Black "Wiebke, Elfriede"]
[Result "1-0"]
[WhiteElo "1600"]
[BlackElo "1150"]
[PlyCount "85"]
[EventDate "2002.10.21"]
[EventType "swiss"]
[EventRounds "11"]
[EventCountry "GER"]
[SourceTitle "EXT 2006"]
[Source "ChessBase"]
[SourceDate "2005.11.24"]
[SourceVersion "1"]
[SourceVersionDate "2005.11.24"]
[SourceQuality "1"]

1. d4 d5 2. g3 Nf6 3. Bg2 Nc6 4. Nc3 e6 5. Bg5 Be7 6. e3 0-0 7. Nf3 h6 8. Bxf6 Bxf6 9. Qe2 a6 10. Nd2 Nb4 11. Nb3 b6 12. a3 Nc6 13. f4 Ne7 14. g4 Bh4+ 15. Kd2 f5 16. h3 g5 17. Nc1 Ng6 18. Nd3 Qd6 19. Rhf1 Bg3 20. fxg5 f4 21. e4 hxg5 22. exd5 Bd7 23. dxe6 Rae8 24. d5 Bxe6 25. dxe6 c6 26. Ne4 Qxe6 27. Nxg3 Qe3+ 28. Qxe3 fxe3+ 29. Ke2 Nf4+ 30. Nxf4 gxf4 31. Ne4 Rd8 32. Rad1 Rde8 33. Rd6 c5 34. Nf6+ Rxf6 35. Rxf6 Rd8 36. Rd1 Rb8 37. Rxf4 Kg7 38. Kxe3 b5 39. b3 Kg6 40. Rd6+ Kg5 41. Kf3 Re8 42. Rf5+ Kh4 43. Rh5# 1-0